000 00790nam a22002890a 4500
001 PT42489
003 AR-LpoUNG
005 20210131230919.0
008 191001s2005||||ag |||||||||||||||||spa d
020 _a987040040X
_c$12
040 _aAR-LpoUNG
_bspa
_cAR-LpoUNG
_eaacr
041 _aspa
044 _aag
082 0 _a808.068 3 226mur
100 1 _aWalsh, María Elena
245 1 0 _aMurrungato del zapato
250 _a1§ edición 1§ reimpresión
260 _aBuenos Aires :
_bAlfaguara,
_cfebrero de 2005.
300 _a30 p. :
_bil.
505 0 _aSugerido a partir de 6 años (etiqueta AMARILLA)
650 4 _aCUENTOS
650 4 _aLITERATURA
651 4 _aDOCUMENTOS TEORICOS O METODOLOGICOS
653 _aLITERATURA INFANTIL
905 _a42489
942 _cLIB
999 _c6856
_d6856